Experiments in biodiversity and biotechnology Proceeding of workshps
This report consist 8 materials repretation about method for two dimensional electrophoresis in plant biodiversity research, scanning electron microscope,...
Đã lưu trong:
| Príomhúdar: | |
|---|---|
| Formáid: | Leabhar |
| Teanga: | Undetermined |
| Foilsithe: |
Cần Thơ
CTU/JICA
2001
|
| Ábhair: | |
| Clibeanna: |
Cuir Clib Leis
Gan Chlibeanna, Bí ar an gcéad duine leis an taifead seo a chlibeáil!
|
| Thư viện lưu trữ: | Trung tâm Học liệu Trường Đại học Cần Thơ |
|---|
| LEADER | 00690nam a2200193Ia 4500 | ||
|---|---|---|---|
| 001 | CTU_50448 | ||
| 008 | 210402s9999 xx 000 0 und d | ||
| 082 | |a 630.72 | ||
| 082 | |b H668 | ||
| 100 | |a Hirita, Yutaka | ||
| 245 | 0 | |a Experiments in biodiversity and biotechnology Proceeding of workshps | |
| 245 | 0 | |c Yutaka Hirita | |
| 260 | |a Cần Thơ | ||
| 260 | |b CTU/JICA | ||
| 260 | |c 2001 | ||
| 520 | |a This report consist 8 materials repretation about method for two dimensional electrophoresis in plant biodiversity research, scanning electron microscope,... | ||
| 650 | |a Biodiversity,Biotechnology | ||
| 904 | |i Năm | ||
| 980 | |a Trung tâm Học liệu Trường Đại học Cần Thơ | ||